000 02618cas a22005771 4500
001 35690
003 BD-RjUL
005 20211209052349.0
008 140529d19582010pk br p 0 a0eng
030 _aPSIRAA
035 _a(OCoLC)ocm01761756
035 _a(BD-RjUL)35785
040 _aDLC
_cMnMULS
_dOCoLC
_dNSDP
_dMH
_dDLC
_dNSDP
_dOCoLC
_dAIP
_dNST
_dMH
_dNST
_dNSDP
_dDNLM
_dOCoLC
_dDNLM
_dOCoLC
_dDNAL
_dUKMGB
_dDLC
_dBD-RjUL
042 _ansdp
_apcc
060 0 0 _aW1
_bPA357R
070 0 _a475
_bP174
082 4 _aP 507.2
_bPJS
245 0 0 _aPakistan journal of scientific and industrial research /
_cPakistan Council of Scientific and Industrial Research.
260 _aKarachi,
_bPakistan Council of Scientific and Industrial Research.
300 _av.
_bill.
_c28 cm.
321 _aQuarterly,
_b1958-1969
321 _aBimonthly,
_b1970-1986
321 _aMonthly,
_b1987-
510 2 _aChemical abstracts
_x0009-2258
515 _aVol. 12, no. 3 was dated Apr. 1970 and is in continuation of v. 12, no. 1/2 of Jan.-Apr. 1969.
580 _aSplit into : Pakistan journal of scientific and industrial research. Series A, Physical sciences, and: Pakistan journal of scientific and industrial research. Series B, biological sciences.
650 0 _aResearch
_vPeriodicals.
_9108666
650 2 _aResearch
_vPeriodicals.
_9108667
650 2 _aScience
_vPeriodicals.
_9108668
650 2 _aTechnology
_vPeriodicals.
_9108669
710 2 _aPakistan Council of Scientific and Industrial Research.
_9108670
776 0 8 _iOnline version:
_tPakistan journal of scientific and industrial research
_w(OCoLC)561176162
776 0 8 _iOnline version:
_tPakistan journal of scientific and industrial research
_w(OCoLC)608800926
785 1 6 _tPakistan journal of scientific and industrial research. Series A., Physical sciences
_x2221-6413
_w(DLC) 2011220225
_w(OCoLC)731200715
785 1 6 _tPakistan journal of scientific and industrial research. Series B, Biological sciences
_x2221-6421
_w(DLC) 2011220226
_w(OCoLC)731199406
936 _aUnknown
_aFeb./Apr. 1975 (surrogate)
942 _2ddc
_cCR
999 _c35690
_d35690